Statement of Indian Law/ (Record no. 208464)

MARC details
000 -LEADER
fixed length control field 00807nam a22002177a 4500
005 - DATE AND TIME OF LATEST TRANSACTION
control field 20250114121832.0
010 ## - LCCN (DPL NO)
LC control number ENG-143381-383
020 ## - INTERNATIONAL STANDARD BOOK NUMBER
Terms of availability 7250.00(Set of 3)
International Standard Book Number 9789391211325(Vol 1,Vol 2,Vol 3)
035 ## - SYSTEM CONTROL NUMBER
System control number EN-126913-915
037 ## - SOURCE OF ACQUISITION
Source of stock number/acquisition DBAD
082 ## - DEWEY DECIMAL CLASSIFICATION NUMBER
Classification number 349.540723
Edition number 2
100 ## - MAIN ENTRY--PERSONAL NAME
Personal name Goel, Govind
245 ## - TITLE STATEMENT
Title Statement of Indian Law/
Statement of responsibility, etc By Govind Goel
250 ## - EDITION STATEMENT
Edition statement 2
260 ## - PUBLICATION, DISTRIBUTION, ETC. (IMPRINT)
Name of publisher, distributor, etc Lexis Nexis
Date of publication, distribution, etc 2024
Place of publication, distribution, etc Gurgaon
270 ## - ADDRESS
Address 14th Floor; Building No. 10 Tower -B , DLF Cyber City ,Phase-II
City Gurgaon
Postal code 122002
Telephone number +91-124-4774444
Fax number +91-124-4774100
300 c# - PHYSICAL DESCRIPTION
Extent ccclxxxvii,3639p.(Vol 1,Vol 2,,Vol 3)
Dimensions 24cm(hb)
490 ## - SERIES STATEMENT
Volume number/sequential designation Vol 1, Vol 2, Vol 3
500 ## - GENERAL NOTE
General note Vol 1 The Rights<br/>Vol 2 The Governance<br/>Vol 3 The Non-Constitutional Issues
942 ## - ADDED ENTRY ELEMENTS (KOHA)
Source of classification or shelving scheme Dewey Decimal Classification
Item type English Books
Call number suffix GOE
Classification part 349.540723
Holdings
Withdrawn status Lost status Materials specified (bound volume or other part) Not for loan Collection code Home library Current library Date acquired Source of acquisition Cost, normal purchase price Full call number Barcode Copy number Cost, replacement price Koha item type
    VOL-1 Not For Loan Reference Central Library Central Library 14/01/2025 Delivery of Books Act Division 2416.66 GOE 349.540723 EN-126913 1 2416.66 English Books
    VOL-2 Not For Loan Reference Central Library Central Library 14/01/2025 Delivery of Books Act Division 2416.66 GOE 349.540723 EN-126914 1 2416.66 English Books
    VOL-3 Not For Loan Reference Central Library Central Library 14/01/2025 Delivery of Books Act Division 2416.66 GOE 349.540723 EN-126915 1 2416.66 English Books

© Delhi Public Library
Hit Counter
free hit counter